000 00588nam a2200229Ia 4500
003 OSt
005 20220924141223.0
006 a|||||r|||| 00| 0
007 ta
008 220923b |||||||| |||| 00| 0 ben d
024 _a297581
037 _cTextual
040 _aARTS
_cARTS
_bben
041 _2ben
_aben
082 _aO157,3NCH18,1, M2
100 _aChakrabarti Swapramoy
_9211998
245 0 _aBhumisutra
260 _c1982
650 _aBENGALI LITERATURE
942 _hO157,3NCH18,1, M2
_cTEXL
_2CC
999 _c446622
_d446622